| 000 | 01401nam a22003377a 4500 | ||
|---|---|---|---|
| 999 |
_c27968 _d27939 |
||
| 003 | EG-ScBUE | ||
| 005 | 20200128101927.0 | ||
| 008 | 200127s2011 cc bo f 000 0 ara d | ||
| 020 | _a9787508520018 | ||
| 040 |
_aEG-ScBUE _bara _erda _cEG-ScBUE _dEG-ScBUE |
||
| 041 | 1 |
_aara _hchi |
|
| 043 | _aa-cc--- | ||
| 082 | 0 | 4 |
_a728.0951 _bت ش ي _222 |
| 100 | 1 |
_aتشي، شان ده، _eمؤلف. |
|
| 245 | 1 | 2 |
_aالمساكن الشعبية الصينية / _cبقلم شان ده تشي [وآخرون] ؛ مترجمة آسيا تشانغ جينغ شو. |
| 264 | 1 |
_aالصين : _bدار النشر الصينية عبر القارات، _c2011. |
|
| 300 |
_a139 صفحة : _bخرائط، صور ؛ _c24 سم. |
||
| 336 |
_2rdacontent _aنص _btxt |
||
| 337 |
_2rdamedia _aبدون وسيط _bn |
||
| 338 |
_2rdacarrier _aمجلد _bnc |
||
| 490 | 0 | _aسلسلة الصين الثقافية | |
| 500 | _aيشتمل على ملاحق. | ||
| 541 |
_aالمركز الثقافي الصيني بالقاهرة ؛ _cإهداء |
||
| 546 | _aالنص باللغة العربية وقد تم ترجمته من اللغة الصينية. | ||
| 650 | 7 |
_aالمساكن الشعبية _zالصين. _2BUEsh _941135 |
|
| 651 | 7 |
_aالصين _xمساكن. _2BUEsh |
|
| 653 |
_bGGEN _cJanuary2020 |
||
| 655 | _vReading book | ||
| 700 | 1 |
_aشو، آسيا تشانغ جينغ، _eمترجم. _926537 |
|
| 942 | _2ddc | ||